Capacitación empresarial /

Guardado en:
Autor Principal: Bentley, Trevor J.
Formato: Libro
Idioma:Spanish
English
Publicado: Santafé de Bogotá ; Buenos Aires : McGraw-Hill Interamericana, c1993.
Series:Serie McGraw-Hill de management.
Materias:
Etiquetas: Agregar Etiqueta
Sin Etiquetas, Sea el primero en etiquetar este registro!
LEADER 00881nam a22002175 45000
001 EAD.ead003441
008 080718s1993####ag#######b####001#0#spa#d
005 20130531130834.0
245 1 0 |a Capacitación empresarial /  |c Trevor Bentley ; traducción, Yilda A. Ruiz M. ; revisión técnica, David Gleiser Dobrzynski. 
260 |a Santafé de Bogotá ;  |a Buenos Aires :  |b McGraw-Hill Interamericana,  |c c1993. 
300 |a xvii, 237 p. ;  |c 24 cm. 
490 1 |a Serie McGraw-Hill de management 
500 |a Traducción de: The business of training. 
504 |a Incluye referencias bibliográficas, glosario e índice. 
020 |a 9586001946 
100 1 |a Bentley, Trevor J. 
830 0 |a Serie McGraw-Hill de management. 
082 0 4 |a 658.3124  |2 21 
650 7 |a Capacitación de empresarios.  |2 unbist 
041 1 |a spa  |h eng 
859 |a AR-BaBDC  |b BIB. ADMINISTRACION - Libros  |h 658.3124  |i B446  |p b03080